<?xml version="1.0" encoding="UTF-8"?>
<marc:record xmlns:marc="http://www.loc.gov/MARC21/slim">
   <marc:leader>00000nam a2200000 a 4500</marc:leader>
   <marc:datafield ind1="1" ind2=" " tag="100">
      <marc:subfield code="a">James, Greg</marc:subfield>
      <marc:subfield code="4">aut</marc:subfield>
      <marc:subfield code="e">Verfasser/-in</marc:subfield>
   </marc:datafield>
   <marc:datafield ind1="1" ind2=" " tag="100">
      <marc:subfield code="a">Smith, Chris</marc:subfield>
      <marc:subfield code="4">aut</marc:subfield>
      <marc:subfield code="e">Verfasser/-in</marc:subfield>
   </marc:datafield>
   <marc:datafield ind1=" " ind2=" " tag="653">
      <marc:subfield code="a">Kinderbuch</marc:subfield>
   </marc:datafield>
   <marc:datafield ind1=" " ind2=" " tag="653">
      <marc:subfield code="a">Helden</marc:subfield>
   </marc:datafield>
   <marc:datafield ind1=" " ind2=" " tag="653">
      <marc:subfield code="a">Mission</marc:subfield>
   </marc:datafield>
   <marc:datafield ind1=" " ind2=" " tag="653">
      <marc:subfield code="a">Rivalität</marc:subfield>
   </marc:datafield>
   <marc:datafield ind1="0" ind2="0" tag="245">
      <marc:subfield code="a">Kid Normal - auf sie mit Gebrüll!</marc:subfield>
   </marc:datafield>
   <marc:datafield ind1="0" ind2="0" tag="245">
      <marc:subfield code="c">James, Greg</marc:subfield>
   </marc:datafield>
   <marc:datafield ind1=" " ind2="1" tag="264">
      <marc:subfield code="a">Würzburg</marc:subfield>
      <marc:subfield code="b">Arena</marc:subfield>
      <marc:subfield code="c">2019</marc:subfield>
   </marc:datafield>
   <marc:datafield ind1="1" ind2=" " tag="490">
      <marc:subfield code="a">Kid Normal</marc:subfield>
      <marc:subfield code="v">3</marc:subfield>
   </marc:datafield>
   <marc:datafield ind1=" " ind2=" " tag="250">
      <marc:subfield code="a">1. Auflage</marc:subfield>
   </marc:datafield>
   <marc:datafield ind1="1" ind2=" " tag="520">
      <marc:subfield code="a">Angaben aus der Verlagsmeldung &#xD;
&#xD;
 &#xD;
&#xD;
  Kid normal - Kid normal Kid normal / Kid Normal (3). Auf sie mit Gebrüll! / von Greg James, Chris Smith &#xD;
&#xD;
 &#xD;
&#xD;
  &#xD;
&#xD;
 „So lustig, das ist schon beinahe kriminell!“ The Independent&#xD;
  &#xD;
&#xD;
 &#xD;
&#xD;
 &#xD;
 &#xD;
 Was haben Kid Normal und die Supernullen mit Hackpastete gemein? Ganz klar: Wenn Murph und seine Freunde die Welt retten, fühlen sie sich danach wie durch den Fleischwolf gedreht. Gerade jetzt wird ihre Heldenkraft gebraucht wie nie zuvor - doch all ihre Missionen scheitern (natürlich) kläglich! &#xD;
&#xD;
 &#xD;
Währenddessen verfolgt der Bösewicht und Erzrivale der Supernullen, Elster, einen tödlichen Plan. Er will Murph und die Supernullen ein für alle Mal ausschalten. Und wieder einmal ist es an Murph, dem Jungen ohne Superkraft, die Welt zu retten: &#xD;
&#xD;
 &#xD;
Denn Normalsein ist die neue Superkraft! &#xD;
&#xD;
 &#xD;
Herrlich schräg und voller Action: Der kuriose Lesespaß für alle Mädchen und Jungen ab 9, die Superhelden-Geschichten, Turbulenzen und rasante Abenteuer von Helden und Bösewichten lieben. &#xD;
&#xD;
 &#xD;
Zum Losprusten komisch und mit Lautlach-Witzen am laufenden Band wird dieser Heidenspaß von einem Buch genial illustriert von Raimund Frey. &#xD;
&#xD;
 &#xD;
  &#xD;
&#xD;
 &#xD;
In der Reihe „Kid Normal“ sind bisher erschienen: &#xD;
&#xD;
 &#xD;
Kid Normal. So sehen Helden aus! (Band 1)&#xD;
Kid Normal. Die Schurken sind los! (Band 2)</marc:subfield>
   </marc:datafield>
   <marc:datafield ind1=" " ind2=" " tag="020">
      <marc:subfield code="a">9783401605128</marc:subfield>
      <marc:subfield code="9">9783401605128</marc:subfield>
   </marc:datafield>
   <marc:datafield ind1=" " ind2=" " tag="020">
      <marc:subfield code="a">3401605127</marc:subfield>
      <marc:subfield code="9">3401605127</marc:subfield>
   </marc:datafield>
   <marc:datafield ind1=" " ind2=" " tag="041">
      <marc:subfield code="a">ger</marc:subfield>
   </marc:datafield>
   <marc:datafield ind1=" " ind2=" " tag="300">
      <marc:subfield code="b">Illustrationen</marc:subfield>
   </marc:datafield>
   <marc:datafield ind1="0" ind2=" " tag="490">
      <marc:subfield code="v">3</marc:subfield>
   </marc:datafield>
   <marc:datafield ind1="1" ind2=" " tag="521">
      <marc:subfield code="a">Kind</marc:subfield>
   </marc:datafield>
   <marc:datafield ind1=" " ind2=" " tag="338">
      <marc:subfield code="a">Band</marc:subfield>
   </marc:datafield>
   <marc:datafield ind1=" " ind2=" " tag="300">
      <marc:subfield code="a">315 Seiten</marc:subfield>
   </marc:datafield>
</marc:record>
